[Event "39 Mar del Plata open"]
[Site "?"]
[Date "2008.03.15"]
[Round "1"]
[White "Cornejo, Max"]
[Black "Farace, Daniel"]
[Result "1-0"]
[WhiteElo "2338"]
[BlackElo "2102"]
[PlyCount "55"]
[EventDate "2008.??.??"]

1. e4 c6 2. d4 d5 3. e5 c5 4. dxc5 e6 5. Be3 Nc6 6. Nf3 Qc7 7. Bb5 Nge7 8. c3
Ng6 9. Bd4 Bd7 10. Bxc6 Qxc6 11. b4 a5 12. O-O Be7 13. Nbd2 axb4 14. cxb4 f6
15. Re1 O-O 16. a3 fxe5 17. Nxe5 Nxe5 18. Bxe5 Bf6 19. Nf3 Ra4 20. Nd4 Qa6 21.
Bxf6 gxf6 22. Qg4+ Kh8 23. Nxe6 Rf7 24. Qe2 Bb5 25. Qh5 Kg8 26. Qxd5 Rd7 27.
Qf5 Bd3 28. Qxf6 1-0

[Event "39 Mar del Plata open"]
[Site "?"]
[Date "2008.03.15"]
[Round "1"]
[White "Corsi Ferrari, Nestor"]
[Black "Crespo, Eugenio"]
[Result "1/2-1/2"]
[WhiteElo "2272"]
[BlackElo "1937"]
[PlyCount "50"]
[EventDate "2008.??.??"]

1. d4 e6 2. c4 Nf6 3. Nc3 Bb4 4. Qc2 c5 5. a3 Bxc3+ 6. bxc3 d5 7. Nf3 Nc6 8. e3
O-O 9. Bd3 a6 10. Ne5 dxc4 11. Bxc4 Qc7 12. f4 b5 13. Bd3 Bb7 14. O-O Rac8 15.
Qf2 Nd5 16. Bd2 f5 17. a4 Nxe5 18. fxe5 c4 19. Be2 b4 20. cxb4 c3 21. Rfc1 Qe7
22. Be1 Qxb4 23. Rab1 Qa3 24. Ra1 Qe7 25. Bf3 f4 1/2-1/2

[Event "39 Mar del Plata open"]
[Site "?"]
[Date "2008.03.15"]
[Round "1"]
[White "Cristobal, Ruben"]
[Black "Lallana Yanez, Daniel"]
[Result "1/2-1/2"]
[WhiteElo "2283"]
[BlackElo "1980"]
[PlyCount "94"]
[EventDate "2008.??.??"]

1. Nf3 Nc6 2. e4 e5 3. Bb5 Bc5 4. c3 a6 5. Bxc6 dxc6 6. Qe2 Bg4 7. h3 Bxf3 8.
Qxf3 Qf6 9. Qxf6 Nxf6 10. d3 O-O-O 11. Ke2 h5 12. b4 Be7 13. Na3 b5 14. Nc2 h4
15. a4 Kb7 16. Bg5 Nd5 17. exd5 Bxg5 18. dxc6+ Kxc6 19. axb5+ axb5 20. Ra5 Ra8
21. Rha1 Rxa5 22. Rxa5 Kb6 23. Na3 c6 24. c4 Bc1 25. Nxb5 cxb5 26. Rxb5+ Kc6
27. Rxe5 Rh6 28. b5+ Kb6 29. Kd1 Ba3 30. Re8 Rg6 31. Ra8 Bc5 32. Ra6+ Kc7 33.
Rxg6 fxg6 34. Ke2 Kd6 35. Kf3 Ke5 36. Ke2 g5 37. Kf3 Kf5 38. g3 g6 39. Kg2 Ke5
40. Kf3 Bb6 41. Ke2 Kd4 42. gxh4 gxh4 43. f4 Bc5 44. Kf3 Kxd3 45. f5 gxf5 46.
Kf4 Kxc4 47. Kxf5 Kxb5 1/2-1/2

[Event "39 Mar del Plata open"]
[Site "?"]
[Date "2008.03.15"]
[Round "1"]
[White "Gomez, Roberto"]
[Black "Needleman, Alejandro"]
[Result "0-1"]
[WhiteElo "1907"]
[BlackElo "2355"]
[PlyCount "100"]
[EventDate "2008.??.??"]

1. d4 Nf6 2. Nf3 g6 3. c4 c5 4. Nc3 Bg7 5. e3 O-O 6. Be2 cxd4 7. Nxd4 d6 8. O-O
Nbd7 9. f3 Nc5 10. e4 a6 11. Be3 e5 12. Nb3 Ne6 13. Qd2 Nh5 14. g3 f5 15. exf5
gxf5 16. Rad1 f4 17. Bf2 fxg3 18. hxg3 Ng5 19. Be3 Bh6 20. Kh2 Qd7 21. g4 Nf4
22. Qxd6 Qxd6 23. Rxd6 Nxe2 24. Nxe2 Nxf3+ 25. Kg3 Bxe3 26. Rxf3 Bg5 27. Nc5
Rxf3+ 28. Kxf3 Be7 29. Rd5 Bf6 30. Ne4 Kf7 31. Nd6+ Ke6 32. Nxc8 Rxc8 33. b3 b5
34. Ng3 bxc4 35. bxc4 Rxc4 36. Ra5 Rc3+ 37. Kg2 Rc6 38. Ne4 Bd8 39. Rxa6 Rxa6
40. Nc5+ Kd6 41. Nxa6 e4 42. Kf2 Ke5 43. Nb4 Kf4 44. a4 Kxg4 45. Ke3 Kf5 46.
Nd5 h5 47. Nc3 Bb6+ 48. Ke2 h4 49. Kf1 h3 50. Ne2 Kg4 0-1

[Event "39 Mar del Plata open"]
[Site "?"]
[Date "2008.03.15"]
[Round "1"]
[White "Gonzalez, Roberto"]
[Black "Aguilar, Andres"]
[Result "0-1"]
[WhiteElo "1843"]
[BlackElo "2248"]
[PlyCount "80"]
[EventDate "2008.??.??"]

1. d4 Nf6 2. Nf3 g6 3. g3 Bg7 4. Bg2 O-O 5. O-O d6 6. c4 Nbd7 7. Nc3 e5 8. e3
Re8 9. Qc2 c6 10. b3 Nf8 11. Ba3 e4 12. Nd2 Bf5 13. Rac1 Qe7 14. h3 h5 15. Ne2
N8h7 16. Qc3 Qd7 17. Kh2 Ng5 18. Nf4 Kh7 19. Qb4 Rad8 20. d5 c5 21. Qb5 Qc7 22.
h4 Nf3+ 23. Nxf3 exf3 24. Bh3 Ng4+ 25. Bxg4 hxg4 26. b4 Bd7 27. Qa5 b6 28. Qa6
Be5 29. b5 Bf5 30. Qa4 Qe7 31. Rh1 Rh8 32. Kg1 g5 33. hxg5+ Kg7 34. Nh5+ Kg6
35. e4 Rxh5 36. Rxh5 Kxh5 37. exf5 Kxg5 38. Re1 Qf8 39. Re4 Qh8 40. Qd1 Qh5 0-1

[Event "39 Mar del Plata open"]
[Site "?"]
[Date "2008.03.15"]
[Round "1"]
[White "Leskovar, Mario"]
[Black "Pineiro, Dario"]
[Result "1-0"]
[WhiteElo "2355"]
[BlackElo "1907"]
[PlyCount "100"]
[EventDate "2008.??.??"]

1. e4 c5 2. Nf3 e6 3. Nc3 a6 4. g3 b5 5. Bg2 Bb7 6. d3 g6 7. O-O Bg7 8. a4 b4
9. Nb1 Ne7 10. Nbd2 O-O 11. Re1 d5 12. exd5 exd5 13. Nb3 Nd7 14. Bg5 Re8 15.
Qe2 f6 16. Bf4 Nc6 17. Qd2 Nce5 18. Nxe5 fxe5 19. Bg5 Qc7 20. Bh3 Rac8 21. Re2
d4 22. Bg2 Bxg2 23. Kxg2 Qd6 24. Na5 Qf8 25. Qe1 h6 26. Bd2 Nb6 27. b3 g5 28.
f3 Qf5 29. Rf2 Rf8 30. Qe2 h5 31. h3 Bh6 32. Re1 Bg7 33. Qe4 Qxe4 34. Rxe4 Bf6
35. Rfe2 Nd7 36. Nc4 Kh8 37. Be1 Rg8 38. Bf2 Rce8 39. Bg1 Kh7 40. g4 hxg4 41.
hxg4 Re6 42. Bh2 Rge8 43. Rf2 Kh6 44. Re1 R8e7 45. Bg3 Kh7 46. Bh2 Re8 47. Nd2
Nb6 48. a5 Nd5 49. Nc4 Nf4+ 50. Bxf4 gxf4 1-0

[Event "39 Mar del Plata open"]
[Site "?"]
[Date "2008.03.15"]
[Round "1"]
[White "Lopez, Pablo"]
[Black "Leskovar, Matias"]
[Result "0-1"]
[WhiteElo "1945"]
[BlackElo "2281"]
[PlyCount "73"]
[EventDate "2008.??.??"]

1. e4 e5 2. Nf3 Nc6 3. d4 exd4 4. Bc4 Bc5 5. O-O d6 6. c3 d3 7. b4 Bb6 8. a4 a6
9. a5 Ba7 10. Qb3 Qe7 11. Bg5 Nf6 12. Nbd2 O-O 13. Rae1 Ne5 14. Nd4 h6 15. Bh4
Ng6 16. Nf5 Qd8 17. Nf3 Bxf5 18. exf5 Nxh4 19. Nxh4 d2 20. Re2 d5 21. Bd3 Ne4
22. Nf3 Re8 23. Nxd2 Nxd2 24. Rxd2 Qg5 25. Qd1 Qf6 26. Qb3 Re5 27. Bb1 c6 28.
Qd1 Rae8 29. g3 R5e7 30. Qf3 Re1 31. Rd1 R1e2 32. Bd3 Rb2 33. Rc1 Qg5 34. h4
Rxf2 35. Rxf2 Qxc1+ 36. Kg2 Bxf2 37. Qxf2 0-1

[Event "39 Mar del Plata open"]
[Site "?"]
[Date "2008.03.15"]
[Round "1"]
[White "Rojas, Matias"]
[Black "Perdomo, Carlos Andres"]
[Result "0-1"]
[WhiteElo "1898"]
[BlackElo "2351"]
[PlyCount "68"]
[EventDate "2008.??.??"]

1. b3 c5 2. Bb2 d5 3. e3 Nf6 4. Nf3 a6 5. Be2 Nc6 6. Ne5 Qc7 7. f4 e6 8. O-O
Bd6 9. Nxc6 Qxc6 10. d3 Qc7 11. Qe1 Qe7 12. Nd2 b6 13. Be5 O-O 14. Bxd6 Qxd6
15. Qg3 Bb7 16. Nf3 Nd7 17. Ne5 d4 18. Nxd7 Qxd7 19. e4 Rae8 20. f5 exf5 21.
Rxf5 Qxf5 22. exf5 Rxe2 23. Qc7 Ba8 24. Kf1 Rfe8 25. Qd7 Bxg2+ 26. Kg1 Bf3 27.
h3 Ba8 28. Rc1 h5 29. f6 gxf6 30. Qf5 Kg7 31. Qxh5 R8e5 32. Qh4 Rg5+ 33. Kf1
Rh2 34. Re1 Rf5+ 0-1

[Event "39 Mar del Plata open"]
[Site "?"]
[Date "2008.03.15"]
[Round "1"]
[White "Roselli, Bernardo"]
[Black "Sagrera, Marcos"]
[Result "1-0"]
[WhiteElo "2420"]
[BlackElo "1916"]
[PlyCount "67"]
[EventDate "2008.??.??"]

1. d4 e6 2. c4 d5 3. Nc3 Be7 4. cxd5 exd5 5. Bf4 Nf6 6. e3 O-O 7. Bd3 Be6 8.
Nf3 Nbd7 9. h3 c5 10. O-O a6 11. a4 Qb6 12. Qd2 Rac8 13. a5 Qc6 14. dxc5 Nxc5
15. Nd4 Qd7 16. Bc2 Bd6 17. Bxd6 Qxd6 18. Nde2 Rfd8 19. Rfd1 Qe5 20. Qd4 Qb8
21. Qf4 b6 22. Qxb8 Rxb8 23. b4 Ncd7 24. b5 Nc5 25. Nd4 Rdc8 26. Nc6 Rb7 27.
Nd4 axb5 28. Ncxb5 Ra8 29. axb6 Rab8 30. Nc6 Rc8 31. Nd6 Rxc6 32. Ra8+ Bc8 33.
Nxc8 Ne8 34. Nd6 1-0

[Event "39 Mar del Plata open"]
[Site "?"]
[Date "2008.03.15"]
[Round "1"]
[White "Russo, Juan Jose"]
[Black "Tristan, Leonardo"]
[Result "0-1"]
[WhiteElo "1816"]
[BlackElo "2345"]
[PlyCount "92"]
[EventDate "2008.??.??"]

1. Nf3 g6 2. g3 Bg7 3. d4 f5 4. Bg2 Nf6 5. c4 O-O 6. Nc3 d6 7. O-O Nc6 8. Rb1
h6 9. b4 a6 10. Qb3 g5 11. c5+ d5 12. e3 e6 13. Ne2 Kh8 14. Nd2 e5 15. dxe5
Nxe5 16. Bb2 Ne4 17. Nxe4 fxe4 18. Bxe5 Bxe5 19. Rbd1 c6 20. Bxe4 Bg4 21. f3
Bh5 22. g4 Bf7 23. Qc2 Qc7 24. Bg6 Bxh2+ 25. Kg2 Be5 26. Rh1 Kg7 27. Bd3 Qe7
28. Rh3 Bg8 29. Rdh1 Rf6 30. Bf5 Re8 31. Qd2 Bc7 32. Kf2 a5 33. a3 axb4 34.
axb4 b6 35. Qc3 Be5 36. Nd4 bxc5 37. bxc5 Ra8 38. Re1 Ra4 39. Bd3 Qa7 40. Rhh1
Ra2+ 41. Re2 Ra5 42. Rc2 Ra3 43. Qd2 Bxd4 44. exd4 Bh7 45. Bxh7 Rfxf3+ 46. Kg1
Rg3+ 0-1

[Event "39 Mar del Plata open"]
[Site "?"]
[Date "2008.03.15"]
[Round "1"]
[White "Diaz, Gerardo"]
[Black "Miracca, Juan Pablo"]
[Result "0-1"]
[WhiteElo "1932"]
[BlackElo "2265"]
[PlyCount "126"]

1. d4 Nf6 2. Bg5 g6 3. e3 Bg7 4. Nd2 O-O 5. Bd3 d6 6. f4 Qe8 7. Ngf3 Nbd7 8.
O-O e5 9. fxe5 dxe5 10. Bxf6 Bxf6 11. Qe1 Qe7 12. Qg3 Bg7 13. c3 exd4 14. Nxd4
Ne5 15. Bc2 c5 16. N4f3 Bd7 17. Nxe5 Bxe5 18. Qf2 Bb5 19. Rfe1 Bg7 20. a4 Ba6
21. Rad1 Rad8 22. Bb3 Bh6 23. e4 Bd3 24. Bd5 Bc2 25. Ra1 Bxd2 26. Qxd2 Bxe4 27.
c4 Qh4 28. Qe3 Bxd5 29. cxd5 Rxd5 30. Rac1 Rh5 31. h3 b6 32. b3 Rd5 33. Rcd1
Rxd1 34. Rxd1 Rd8 35. Rxd8+ Qxd8 36. Kh1 Qd1+ 37. Kh2 Qd6+ 38. Kh1 Qd1+ 39. Kh2
Qd6+ 40. Kh1 h5 41. Qe8+ Qf8 42. Qd7 Qa8 43. Kh2 Qb8+ 44. Kg1 a6 45. Qe7 Kg7
46. h4 Qf4 47. Kh1 Qc1+ 48. Kh2 Qc3 49. Qd6 Qxb3 50. Qe5+ Kh7 51. Qf6 b5 52. a5
Qe6 53. Qf4 c4 54. Kh1 Kg7 55. Kg1 Qd5 56. g4 Qd1+ 57. Kh2 Qe2+ 58. Kh1 Qe1+
59. Kg2 Qxh4 60. Qd4+ Qf6 61. Qe4 Qb2+ 62. Kh3 hxg4+ 63. Kg3 Qc3+ 0-1

[Event "39 Mar del Plata open"]
[Site "?"]
[Date "2008.03.15"]
[Round "1"]
[White "Goldwaser, Christian"]
[Black "Navarro, Alberto"]
[Result "1-0"]
[WhiteElo "2350"]
[BlackElo "1880"]
[PlyCount "59"]

1. Nf3 Nc6 2. d4 d5 3. Bf4 Nf6 4. e3 a6 5. c4 e6 6. Nc3 Be7 7. h3 h6 8. Rc1 Bd7
9. Be2 O-O 10. O-O dxc4 11. Bxc4 Bd6 12. Ne5 Ne7 13. Qf3 b5 14. Bb3 b4 15. Ne4
Nxe4 16. Qxe4 Bxe5 17. Bxe5 c6 18. Qg4 g6 19. Bf6 Qe8 20. e4 Kh7 21. h4 Ng8 22.
Be5 f6 23. Bd6 e5 24. Qd1 Ne7 25. Bxb4 a5 26. Bc5 a4 27. Bxa4 exd4 28. Qxd4 Rf7
29. Bb3 Rf8 30. Rfd1 1-0

[Event "39 Mar del Plata open"]
[Site "?"]
[Date "2008.03.15"]
[Round "1"]
[White "Meza, Hugo"]
[Black "Botella, Pablo"]
[Result "1-0"]
[WhiteElo "2246"]
[BlackElo "1836"]
[PlyCount "37"]

1. d4 Nf6 2. Bg5 Ne4 3. Bf4 c5 4. f3 Qa5+ 5. c3 Nf6 6. Nd2 cxd4 7. Nb3 Qb6 8.
Qxd4 Qxd4 9. cxd4 d5 10. e3 e6 11. Bd3 b6 12. Ne2 Ba6 13. Bxa6 Nxa6 14. a3 Rc8
15. Kd2 Kd7 16. Nbc1 Bd6 17. Nd3 Bxf4 18. Nexf4 Rc7 19. Ne2 1-0

[Event "39 Mar del Plata open"]
[Site "?"]
[Date "2008.03.15"]
[Round "1"]
[White "Morales, Guillermo"]
[Black "Perez Ponsa, Federico"]
[Result "0-1"]
[WhiteElo "1824"]
[BlackElo "2235"]
[PlyCount "46"]

1. f4 g6 2. Nf3 Bg7 3. e3 c5 4. c3 Nf6 5. Ne5 d6 6. Bb5+ Nbd7 7. Bxd7+ Nxd7 8.
Nxd7 Bxd7 9. O-O c4 10. Qe2 Rc8 11. Na3 b5 12. Nc2 O-O 13. Nd4 e5 14. Nc2 exf4
15. Rxf4 Be5 16. Qf2 Bxf4 17. Qxf4 Qe7 18. b3 Qe5 19. Qf2 f5 20. Nd4 f4 21. Qf3
Rce8 22. bxc4 fxe3 23. Qxe3 Qf6 0-1

[Event "39 Mar del Plata open"]
[Site "?"]
[Date "2008.03.15"]
[Round "1"]
[White "Moreira, Pablo Andres"]
[Black "Daneri, Martin"]
[Result "0-1"]
[WhiteElo "1808"]
[BlackElo "2210"]
[PlyCount "58"]

1. c4 Nf6 2. Nc3 g6 3. Nf3 Bg7 4. g3 O-O 5. Bg2 d6 6. O-O Nc6 7. d3 e5 8. Rb1
a5 9. a3 h6 10. b4 axb4 11. axb4 Be6 12. Qb3 Qd7 13. Re1 Nh5 14. Bb2 f5 15. Ra1
Rab8 16. b5 Nd8 17. Nd5 Kh7 18. e4 f4 19. d4 c6 20. bxc6 Qxc6 21. dxe5 fxg3 22.
hxg3 b5 23. Rac1 dxe5 24. Nxe5 Qb7 25. c5 Rc8 26. Bf1 Nf6 27. Nxf6+ Bxf6 28.
Qxb5 Qxb5 29. Bxb5 Rb8 0-1

[Event "39 Mar del Plata open"]
[Site "?"]
[Date "2008.03.15"]
[Round "1"]
[White "Ortiz, Jorge"]
[Black "Needleman, Gaston"]
[Result "0-1"]
[WhiteElo "1912"]
[BlackElo "2406"]
[PlyCount "64"]

1. e4 c5 2. Nf3 e6 3. d4 cxd4 4. Nxd4 Nc6 5. Be2 Qc7 6. O-O a6 7. a3 Nf6 8. Nc3
b5 9. Nxc6 dxc6 10. f4 Bb7 11. e5 Nd5 12. Nxd5 cxd5 13. c3 Bc5+ 14. Kh1 O-O 15.
Qd3 f6 16. Be3 Be7 17. Bg4 f5 18. Bf3 a5 19. b4 g5 20. g3 g4 21. Bg2 h5 22. Kg1
h4 23. Rfc1 Qd7 24. Kf2 h3 25. Bf1 d4 26. Qxd4 Qc6 27. Ke1 Kf7 28. Bg1 Rfd8 29.
Qb6 Qh1 30. Bxb5 axb4 31. cxb4 Qd5 32. Rd1 Bxb4+ 0-1

[Event "39 Mar del Plata open"]
[Site "?"]
[Date "2008.03.15"]
[Round "1"]
[White "Pichot, Alan"]
[Black "Pierrot, Facundo"]
[Result "0-1"]
[WhiteElo "1922"]
[BlackElo "2450"]
[PlyCount "70"]

1. Nf3 g6 2. e4 c5 3. Nc3 Bg7 4. d4 cxd4 5. Nxd4 Nc6 6. Be3 d6 7. Bc4 Nf6 8. h3
Bd7 9. Bb3 Na5 10. Qd2 Rc8 11. Bh6 O-O 12. Bxg7 Kxg7 13. O-O-O Nxb3+ 14. Nxb3
b5 15. g4 b4 16. Nd5 Nxd5 17. Qxd5 Qc7 18. Rd2 Qc4 19. Qd4+ Qxd4 20. Rxd4 Rb8
21. Rhd1 Rb5 22. f4 Be6 23. R1d3 Rc8 24. Kb1 a5 25. Nc1 Rbc5 26. Rd2 Bc4 27.
Nd3 Bxd3 28. R4xd3 g5 29. e5 gxf4 30. exd6 e5 31. Rd5 Rxd5 32. Rxd5 Kf6 33.
Rxa5 f3 34. Rd5 Ke6 35. Rd2 e4 0-1

[Event "39 Mar del Plata open"]
[Site "?"]
[Date "2008.03.15"]
[Round "1"]
[White "Santucho, Jorge Mario"]
[Black "De Dovittis, Alejo"]
[Result "0-1"]
[WhiteElo "2038"]
[BlackElo "2326"]
[PlyCount "68"]

1. d4 Nf6 2. c4 c5 3. Nf3 g6 4. Nc3 Bg7 5. e4 cxd4 6. Nxd4 d6 7. f3 O-O 8. Be3
Nc6 9. Qd2 Bd7 10. Be2 Nh5 11. O-O Nf4 12. Nxc6 Nxe2+ 13. Nxe2 bxc6 14. Bd4 e5
15. Be3 Be6 16. Qc2 d5 17. cxd5 cxd5 18. exd5 Qxd5 19. Nc3 Qb7 20. Rac1 f5 21.
Rf2 Rac8 22. Rd2 Bxa2 23. Ra1 Bb3 24. Qd3 Bc4 25. Qd6 a6 26. Nd5 Rcd8 27. Ne7+
Kf7 28. Qc5 Bb5 29. Nd5 f4 30. Bf2 Rd7 31. Rad1 Rc8 32. Qa3 Rxd5 33. Qb3 Bc6
34. Rxd5 Qxb3 0-1

[Event "39 Mar del Plata open"]
[Site "?"]
[Date "2008.03.15"]
[Round "1"]
[White "Tohme, Jose Luis"]
[Black "Contin, Daniel"]
[Result "0-1"]
[WhiteElo "1981"]
[BlackElo "2309"]
[PlyCount "100"]

1. d4 Nf6 2. c4 g6 3. Nc3 d5 4. e3 Bg7 5. Qb3 c6 6. Nf3 O-O 7. Be2 Qb6 8. Qxb6
axb6 9. cxd5 Nxd5 10. Nxd5 cxd5 11. O-O Nc6 12. Bd2 Bf5 13. Bc3 f6 14. Rfd1
Rfc8 15. h3 Kf7 16. g4 Bd7 17. a3 Na5 18. Bxa5 bxa5 19. Rac1 g5 20. Kg2 h6 21.
Nd2 e6 22. Nb1 b5 23. Kf1 Bf8 24. Ke1 b4 25. Rxc8 Rxc8 26. Kd2 bxa3 27. bxa3
Rb8 28. Rc1 Rb2+ 29. Ke1 Bd6 30. Bd3 Ke7 31. Rd1 Ra2 32. Rd2 Ra1 33. Ke2 Bxa3
34. Nxa3 Rxa3 35. Rb2 a4 36. Rb7 Ra2+ 37. Kf3 Kd6 38. Bb5 Bxb5 39. Rxb5 Kc6 40.
Ra5 Kb6 41. Ra8 e5 42. Rf8 exd4 43. exd4 Rc2 44. Rxf6+ Rc6 45. Rf8 Kb5 46. Rd8
Rc3+ 47. Kg2 Kc4 48. Ra8 a3 49. h4 Kxd4 50. hxg5 hxg5 0-1

[Event "39 Mar del Plata open"]
[Site "?"]
[Date "2008.03.15"]
[Round "1"]
[White "Virgillito, Cristian"]
[Black "Palmieri, Francisco D"]
[Result "1-0"]
[WhiteElo "2215"]
[BlackElo "1813"]
[PlyCount "46"]

1. e4 e6 2. d4 d5 3. Nd2 Nf6 4. e5 Nfd7 5. Bd3 c5 6. c3 Nc6 7. Ne2 Qb6 8. Nf3
cxd4 9. cxd4 Be7 10. O-O O-O 11. Bg5 f6 12. exf6 Nxf6 13. Nc3 h6 14. Bh4 Qxb2
15. Rc1 Qb6 16. Bb1 Ne4 17. Nxe4 dxe4 18. Bxe7 Nxe7 19. Bxe4 Nd5 20. Ne5 Rf4
21. Qc2 Qxd4 22. Bh7+ Kh8 23. Ng6+ Kxh7 1-0

[Event "39 Mar del Plata open"]
[Site "?"]
[Date "2008.03.15"]
[Round "1"]
[White "Zamorano, Jorge"]
[Black "Maglione, Jorge"]
[Result "1-0"]
[WhiteElo "2254"]
[BlackElo "1853"]
[PlyCount "53"]

1. Nf3 Nf6 2. c4 c5 3. Nc3 Nc6 4. g3 g6 5. Bg2 Bg7 6. O-O O-O 7. d4 cxd4 8.
Nxd4 Nxd4 9. Qxd4 a6 10. Rd1 Qc7 11. c5 Ne8 12. Qb4 Nf6 13. Bf4 e5 14. Bg5 Rb8
15. Bxf6 Bxf6 16. Nd5 Qd8 17. Nxf6+ Qxf6 18. Rd6 Qd8 19. Rad1 Qc7 20. a4 Re8
21. a5 Re6 22. Bh3 Rxd6 23. Rxd6 Kg7 24. Qc3 f6 25. f4 exf4 26. Qxf6+ Kg8 27.
Be6+ 1-0

[Event "39 Mar del Plata open"]
[Site "?"]
[Date "2008.03.16"]
[Round "2"]
[White "Acosta, Mariano"]
[Black "Virgillito, Cristian"]
[Result "0-1"]
[WhiteElo "2021"]
[BlackElo "2215"]
[PlyCount "82"]

1. Nf3 d5 2. d4 Nf6 3. c4 c6 4. e3 Bf5 5. Nc3 e6 6. Ne5 Nbd7 7. f4 Be7 8. Be2
dxc4 9. Bxc4 Nxe5 10. fxe5 Ne4 11. Qf3 Qa5 12. Bd2 Nxd2 13. Kxd2 Qb4 14. b3
O-O-O 15. Rhc1 c5 16. a3 Qb6 17. d5 Kb8 18. Ke2 h5 19. h3 g5 20. e4 g4 21. Qe3
Bg6 22. Na4 Qa5 23. d6 Bf8 24. Qxc5 Qxc5 25. Nxc5 Bg7 26. Nd3 Bxe4 27. Re1 Bxg2
28. hxg4 hxg4 29. Kf2 Bf3 30. Nf4 Bh6 31. Kg3 Bg5 32. Ng2 Rh3+ 33. Kf2 Bd2 34.
Rh1 Rdh8 35. Rxh3 Rxh3 36. Ra2 Bc3 37. Rc2 Bd4+ 38. Ne3 Bxe3+ 39. Kxe3 Bd1+ 40.
Kd2 Bxc2 41. Kxc2 g3 0-1

[Event "39 Mar del Plata open"]
[Site "?"]
[Date "2008.03.16"]
[Round "2"]
[White "Aguilar, Andres"]
[Black "Modotti, Pierino"]
[Result "1-0"]
[WhiteElo "2248"]
[BlackElo "2027"]
[PlyCount "55"]

1. e4 d6 2. d4 c6 3. Nf3 g6 4. Be2 Bg7 5. a4 Nf6 6. Nc3 a5 7. O-O Qc7 8. h3
Nfd7 9. Be3 Na6 10. Qd2 h6 11. Ne1 Nb4 12. f4 d5 13. exd5 Nxd5 14. f5 g5 15.
Nf3 N7f6 16. Bd3 Bd7 17. Ne5 Nxc3 18. bxc3 Nd5 19. Rae1 Bxe5 20. dxe5 c5 21. e6
Bxa4 22. exf7+ Kf8 23. Bc4 Nf6 24. Bxg5 hxg5 25. Qxg5 b5 26. Be6 Bxc2 27. Rf4
Ra6 28. Rh4 1-0

[Event "39 Mar del Plata open"]
[Site "?"]
[Date "2008.03.16"]
[Round "2"]
[White "Arcos Facio, Mateos"]
[Black "Cornejo, Max"]
[Result "0-1"]
[WhiteElo "2060"]
[BlackElo "2338"]
[PlyCount "78"]

1. e4 c5 2. Nf3 a6 3. d4 cxd4 4. Nxd4 Nf6 5. Bd3 e5 6. Nb3 d5 7. exd5 Qxd5 8.
O-O Be6 9. Nc3 Qc6 10. Re1 Qc7 11. Bg5 Nbd7 12. Qe2 Bd6 13. Rad1 h6 14. Bh4 Bb4
15. Qd2 O-O 16. a3 Bxc3 17. bxc3 Rac8 18. Re3 Kh8 19. c4 Bxc4 20. Bxc4 Qxc4 21.
Bxf6 Nxf6 22. Rxe5 Qxc2 23. Qxc2 Rxc2 24. Re7 b5 25. Ra7 Rc3 26. Rb1 Rd8 27. h3
Rdd3 28. Na5 Rxa3 29. Nc6 Rd7 30. Rxb5 Ra1+ 31. Kh2 Rxa7 32. Rb8+ Kh7 33. Nxa7
a5 34. Nc6 a4 35. Ra8 Ne4 36. f3 Nc3 37. Ne5 a3 38. Kg3 a2 39. Ra3 Rc1 0-1

[Event "39 Mar del Plata open"]
[Site "?"]
[Date "2008.03.16"]
[Round "2"]
[White "Bibiloni, Jorge"]
[Black "Vasconcelos, Danilo Nunes"]
[Result "1/2-1/2"]
[WhiteElo "2180"]
[BlackElo "1967"]
[PlyCount "51"]

1. e4 c5 2. d3 Nc6 3. g3 g6 4. Bg2 Bg7 5. f4 d6 6. Nf3 Nf6 7. O-O O-O 8. h3 h5
9. Ng5 Nh7 10. c3 Nxg5 11. fxg5 Be6 12. Bf4 Qd7 13. Kh2 d5 14. Nd2 Rad8 15. Qe2
dxe4 16. Nxe4 b6 17. Rad1 Bd5 18. a3 f5 19. gxf6 exf6 20. Qc2 f5 21. Ng5 Rfe8
22. Nf3 Ne5 23. Bg5 Nxf3+ 24. Bxf3 Bxf3 25. Rxf3 Qd5 26. Qg2 1/2-1/2

[Event "39 Mar del Plata open"]
[Site "?"]
[Date "2008.03.16"]
[Round "2"]
[White "Bustamante, Leonidas"]
[Black "Maucci, Marcelo"]
[Result "1-0"]
[WhiteElo "2184"]
[BlackElo "1985"]
[PlyCount "73"]

1. e4 c5 2. Nf3 d6 3. d4 cxd4 4. Nxd4 Nf6 5. Nc3 a6 6. Bc4 e6 7. Bb3 Nc6 8. Be3
Be7 9. O-O O-O 10. f4 Nxd4 11. Bxd4 b5 12. e5 Ne8 13. Qf3 Rb8 14. Rad1 d5 15.
f5 Qc7 16. Qe3 Bb7 17. fxe6 fxe6 18. Qh3 Qd7 19. Rxf8+ Bxf8 20. Ne4 Nc7 21. Ng5
h6 22. Nf3 Be7 23. c3 Rf8 24. Bc2 b4 25. Qg4 Qe8 26. Bb6 Bd8 27. Be3 Kh8 28.
cxb4 Bc6 29. Nh4 Bxh4 30. Qxh4 Qf7 31. Qg3 Bb5 32. h3 Bc4 33. Bg6 Qd7 34. b3
Be2 35. Re1 Bb5 36. a4 Bc6 37. Bc5 1-0

[Event "39 Mar del Plata open"]
[Site "?"]
[Date "2008.03.16"]
[Round "2"]
[White "Contin, Daniel"]
[Black "Epelboim, Matias"]
[Result "1-0"]
[WhiteElo "2309"]
[BlackElo "2040"]
[PlyCount "71"]

1. e4 d6 2. d4 Nf6 3. Nc3 g6 4. Bg5 Bg7 5. f4 O-O 6. e5 Nfd7 7. Nf3 f6 8. Bc4+
Kh8 9. exf6 exf6 10. Bh4 Nb6 11. Bd3 Qe8+ 12. Kf2 Qf7 13. Re1 Nc6 14. Kg1 Bg4
15. Bf2 f5 16. Be2 h6 17. a4 a5 18. d5 Nb4 19. Bxb6 cxb6 20. h3 Bxf3 21. Bxf3
Bxc3 22. bxc3 Na6 23. Re6 Rfd8 24. Qd4+ Qg7 25. Rxg6 Qxd4+ 26. cxd4 Kh7 27. Re6
Rd7 28. Rae1 Rf8 29. Re7+ Rf7 30. Rxf7+ Rxf7 31. Rb1 Nb4 32. c3 Nd3 33. Rxb6
Rd7 34. g3 Kg7 35. Be2 Nc1 36. Bb5 1-0

[Event "39 Mar del Plata open"]
[Site "?"]
[Date "2008.03.16"]
[Round "2"]
[White "Couso, Juan Jose"]
[Black "Cristobal, Manuel"]
[Result "1-0"]
[WhiteElo "1972"]
[BlackElo "2174"]
[PlyCount "77"]

1. d4 Nc6 2. Nf3 e6 3. e4 d5 4. e5 Nge7 5. c3 Qd7 6. Bb5 a6 7. Ba4 b5 8. Bc2
Bb7 9. Nbd2 Ng6 10. Nf1 Be7 11. Ng3 f6 12. h4 O-O-O 13. h5 Nf8 14. a4 b4 15. a5
fxe5 16. dxe5 d4 17. O-O d3 18. Ba4 Qd5 19. Bb3 Qd7 20. Be3 g5 21. Ba4 bxc3 22.
bxc3 g4 23. Nd4 Qd5 24. Nxc6 Bxc6 25. Bxc6 Qxc6 26. Bd4 Nd7 27. Qxd3 Bg5 28.
Qe2 Bf4 29. Ne4 Bxe5 30. Ng5 Bxd4 31. cxd4 e5 32. Rfc1 Qf6 33. Qc4 c5 34. Ne6
Kb7 35. Qd5+ Ka7 36. Rab1 Nb6 37. axb6+ Kb8 38. Qc6 Rc8 39. Qd6+ 1-0

[Event "39 Mar del Plata open"]
[Site "?"]
[Date "2008.03.16"]
[Round "2"]
[White "Daneri, Martin"]
[Black "Lovece, Ruth"]
[Result "1/2-1/2"]
[WhiteElo "2210"]
[BlackElo "2006"]
[PlyCount "57"]

1. d4 d5 2. Nf3 Nf6 3. Bf4 g6 4. Nc3 Bg7 5. e3 O-O 6. Be2 c6 7. h4 Re8 8. Ne5
Nfd7 9. h5 Nxe5 10. Bxe5 Nd7 11. Bxg7 Kxg7 12. Qd2 Nf6 13. e4 e5 14. dxe5 Rxe5
15. hxg6 fxg6 16. Qh6+ Kg8 17. f4 Re7 18. e5 Ng4 19. Bxg4 Bxg4 20. Qg5 Bf5 21.
O-O-O Rf7 22. Qg3 Qb6 23. Qf3 h5 24. Rd2 Raf8 25. g3 Bg4 26. Qd3 Bf5 27. Qf3
Bg4 28. Qd3 Bf5 29. Qf3 1/2-1/2

[Event "39 Mar del Plata open"]
[Site "?"]
[Date "2008.03.16"]
[Round "2"]
[White "De Dovittis, Alejo"]
[Black "Urresti, Alejandro"]
[Result "1-0"]
[WhiteElo "2326"]
[BlackElo "2048"]
[PlyCount "47"]

1. d4 d5 2. Nc3 Nf6 3. Bg5 Bf5 4. Bxf6 gxf6 5. e3 Nc6 6. Bd3 Qd7 7. Nge2 Bg4 8.
h3 Bxe2 9. Qxe2 e5 10. Qh5 e4 11. Nxd5 O-O-O 12. Bxe4 Kb8 13. O-O-O Qe6 14. Nc3
Nb4 15. a3 Na2+ 16. Nxa2 Qxa2 17. Qb5 b6 18. Qa6 c6 19. Bxc6 Kc7 20. Qxa7+ Kxc6
21. d5+ Kb5 22. Rd4 Qa1+ 23. Kd2 Qa2 24. Qa4+ 1-0

[Event "39 Mar del Plata open"]
[Site "?"]
[Date "2008.03.16"]
[Round "2"]
[White "Evans, Pablo"]
[Black "Leskovar, Mario"]
[Result "0-1"]
[WhiteElo "2085"]
[BlackElo "2355"]
[PlyCount "60"]

1. e4 Nc6 2. d4 d5 3. e5 Bf5 4. Nf3 Qd7 5. Bb5 a6 6. Ba4 b5 7. Bb3 Na5 8. O-O
e6 9. Bd2 Nc4 10. Bxc4 dxc4 11. Nh4 Be4 12. Be3 Ne7 13. Nc3 Bb7 14. a3 Nd5 15.
Qf3 Be7 16. Qg3 g5 17. Nf3 O-O-O 18. Bd2 Nxc3 19. Bxc3 Rdg8 20. b3 cxb3 21.
cxb3 h5 22. Rfc1 g4 23. Ne1 h4 24. Qd3 Kb8 25. Ba5 Rc8 26. a4 h3 27. g3 Qd5 28.
f3 b4 29. Bxb4 Bxb4 30. Rc4 Bxe1 0-1